| 000 | 01011cad a22002175a 4500 | ||
|---|---|---|---|
| 001 | L157423 | ||
| 008 | 121129s2012 xxk f 000 0 eng d | ||
| 035 | _a(Sirsi) u157423 | ||
| 041 | 0 | _aeng | |
| 110 | 2 | _aCentre for Construction Innovation | |
| 245 | 0 | 0 |
_aConstruction industry key performance indicators _h[electronic resource] |
| 260 |
_a[S.l.] _bCentre for Construction Innovation _c2010 |
||
| 520 | _aThe KPI Engine is a Performance Measurement Tool developed by the Centre for Construction Innovation, University of Salford and Constructing Excellence. The KPI Engine allows organisations to benchmark company and project performance against the Construction Industry National Data and Standards. | ||
| 590 | _aKA NTK | ||
| 651 | 4 |
_aUnited Kingdom _y |
|
| 690 |
_aConstruction management _96230 |
||
| 710 | 1 |
_aUniversity of Salford _93465 |
|
| 710 | 1 |
_aConstructing Excellence _94740 |
|
| 856 | 4 | 0 |
_uhttps://www.ccinw.com/kpizone/EngineHome/index.php _zTry out the tool at www.ccinw.com |
| 942 | _n0 | ||
| 999 |
_c114766 _d114766 |
||